So sánh thời gian tìm kiếm motif trên chuỗi thời gian có kích thước lớn trong hai giải thuật hime và hashing : Luận văn thạc sĩ - Chuyên ngành: Khoa học máy tính

Đã lưu trong:
Bibliografiske detaljer
Hovedforfatter: Võ, Thanh Điền
Format: Luận văn
Sprog:Undetermined
Udgivet: Trường Đại học Công nghiệp Tp. Hồ Chí Minh 2021
Fag:
Tags: Tilføj Tag
Ingen Tags, Vær først til at tagge denne postø!
Thư viện lưu trữ: Trung tâm Thư viện - Trường Đại học Công nghiệp TP. Hồ Chí Minh
LEADER 00770nam a2200157Ia 4500
001 UIH_02149
008 230809s9999 xx 000 0 und d
082 |a 4 
100 |a Võ, Thanh Điền 
245 0 |a So sánh thời gian tìm kiếm motif trên chuỗi thời gian có kích thước lớn trong hai giải thuật hime và hashing : Luận văn thạc sĩ - Chuyên ngành: Khoa học máy tính 
245 0 |c Võ, Thanh Điền 
260 |b Trường Đại học Công nghiệp Tp. Hồ Chí Minh 
260 |c 2021 
650 |a Khoa học máy tính;Giải thuật hime;Giải thuật hashing; 
927 |a Luận văn 
980 |a Trung tâm Thư viện - Trường Đại học Công nghiệp TP. Hồ Chí Minh